Estatísticas para Duplas sertanejas do Brasil

Clique aqui para jogar o quiz

Estatísticas Gerais

  • Esse quiz foi jogado 156 vezes
  • A pontuação média é 17 de 30

Estatísticas das Respostas

MúsicaDupla% Correto
EvidênciasChitãozinho & Xororó
90%
Medo BoboMaiara & Maraísa
85%
Choram as RosasBruno & Marrone
82%
Cuida Bem DelaHenrique & Juliano
82%
Meu Violão e o Nosso CachorroSimone & Simaria
80%
Pode ChorarJorge & Mateus
79%
Seu PolíciaZé Neto & Cristiano
76%
É o AmorZezé di Camargo & Luciano
76%
Camaro AmareloMunhoz & Mariano
75%
FadaVictor & Léo
75%
Nosso Santo BateuMatheus & Kauan
72%
Chora Me LigaJoão Bosco & Vinícius
71%
Domingo de ManhãMarcos & Belutti
70%
CiumentaCésar Menotti & Fabiano
66%
É TensoFernando & Sorocaba
58%
Suíte 14Henrique & Diego
54%
E Essa Boca AíBruninho & Davi
52%
Eu Quero Tchu, Eu Quero TcháJoão Lucas & Marcelo
47%
E DaíGuilherme & Santiago
46%
Foi DeusEdson & Hudson
43%
Pega Fogo CabaréJoão Neto & Frederico
43%
Mulher ChoronaTeodoro & Sampaio
38%
Tentei te EsquecerMatogrosso & Mathias
35%
Farra, Pinga e FogueteBruno & Barretto
34%
Você de VoltaMaria Cecília & Rodolfo
34%
De São Paulo à BelémRionegro & Solimões
32%
Bem FeitoThaeme & Thiago
31%
Ana Raio & Zé TrovãoJads & Jadson
25%
Dona do Meu DestinoZé Henrique & Gabriel
16%
Morto de Saudade SuaCézar & Paulinho
8%

Distribuição das Pontuações

Percentil de Números Respondidos

Porcentagem de Pessoas com Cada Pontuação

Sua Pontuação Histórica

Você não jogou esse quiz